01104nam a2200289 a 4500001001000000003000900010005001700019007001000036008004000046040002200086092001500108100003900123245005800162260004100220300002700261490003600288500008000324830003800404930002100442942001200463945004000475952009800515952010400613956004300717956003900760999001500799000045314DO-SdBNP20180327083612.0000045314150302s1992 dr a 000 0 spa d aBPMSUbspacBPMSU axxxxbxxxx1 aBonnelly de Díaz, Aída,d1926-14aLos niños y las artes /cAída Bonnelly de Díaz. aSanto Domingo :bAlfa & Omega,c1992 a37 p. :bil. ;c22 cm.1 aBiblioteca juvenil tobogánv4 aIncluye datos biográficos de la autora en la solapa de la contracubierta. 0aBiblioteca juvenil tobogán ;v4 1l m 8 f p g  2ddccBK aInventariado infantil dom / 2017 VM 00102ddc40708CI-DaBPMETbBPMETd2015-07-27l0pBPMSU15070383r2015-07-27w2015-07-27yBK 00102ddc40708CI-DaBPMETbBPMETd2015-07-27l0pBPMSU15070384r2015-07-27te. 2w2015-07-27yBK a VMATEOb 10c 20170221l BPMSUh 0069 aVMATEOb10c20150727lBMPSUh00151 c8021d8021